What Movie? Couples in Different Genres Quiz Stats

 Plays Quiz Updated Aug 11, 2018

Challenge
Share
Tweet
Embed
Score 0/45 Timer 09:00
12 Plays Today
Genre Movies % Correct
SportsRocky
90.5%
Sci-FiStar Wars
89.9%
HorrorThe Shining
87.3%
Comic BookIron Man
86.7%
AnimationShrek
86.2%
Sci-FiThe Matrix
83.5%
Romantic ComedyKnocked Up
82.3%
Action Speed
82.1%
Comic BookThe Mask
80.1%
WarCasablanca
79.9%
Action The Mummy
77%
Romantic ComedySilver Linings Playbook
76.8%
Romantic Comedy10 Things I Hate About You
76.2%
SportsThe Wrestler
74.4%
SportsHappy Gilmore
72.9%
HorrorThe Fly
72.9%
Action Casino Royale
72.4%
Sci-FiAvatar
71.3%
HorrorScream
70.6%
WarBraveheart
70.6%
Romantic Comedy500 Days of Summer
69.7%
CrimeGoodfellas
69.6%
Action The Bourne Identity
68.8%
Genre Movies % Correct
CrimeSe7en
68.2%
Comic BookThe Dark Knight
66.2%
Comic BookSin City
65.8%
Sci-FiArmageddon
65.7%
CrimePulp Fiction
63.1%
WarThe English Patient
62.6%
Comic BookHellboy
62.5%
Romantic ComedyAlong Came Polly
59.9%
HorrorRosemary's Baby
59.5%
Action Raiders of the Lost Ark
59.2%
Sci-FiTotal Recall
58.9%
SportsTin Cup
58.8%
AnimationThe Incredibles
58.8%
AnimationToy Story 3
56.7%
WarAtonement
52.4%
SportsWimbledon
50.2%
AnimationFantastic Mr. Fox
47.8%
AnimationLion King
46.4%
CrimeBlow
44.7%
CrimeA History of Violence
43.1%
WarTroy
34.4%
HorrorInsidious
22.9%

You're not logged in!

Compare scores with friends on all Sporcle quizzes.
Join for Free
OR
Log In

You Might Also Like...

Show Comments

Extras

Top Quizzes Today


Score Distribution

Your Account Isn't Verified!

In order to create a playlist on Sporcle, you need to verify the email address you used during registration. Go to your Sporcle Settings to finish the process.

Report this User

Report this user for behavior that violates our Community Guidelines.

Details: